[Event "Champigny sur Marne op 6th"]
[Site "Champigny sur Marne"]
[Date "2006.02.17"]
[Round "2"]
[White "Miniconi, Jean Francois"]
[Black "Muller, Rodolphe"]
[Result "0-1"]
[WhiteElo "1530"]
[BlackElo "1620"]
[PlyCount "66"]
[EventDate "2006.02.16"]
[EventType "swiss"]
[EventRounds "6"]
[EventCountry "FRA"]
[SourceTitle "EXT 2007"]
[Source "ChessBase"]
[SourceDate "2006.11.23"]
[SourceVersion "1"]
[SourceVersionDate "2006.11.23"]
[SourceQuality "1"]

1. c4 e5 2. Nc3 Nf6 3. Nf3 Nc6 4. g3 d6 5. Bg2 Bf5 6. d3 Be7 7. 0-0 Qd7 8. Rb1 0-0 9. a3 e4 10. Ne1 exd3 11. Nxd3 Bh3 12. Ne1 Bxg2 13. Kxg2 Qg4 14. b3 Rad8 15. Nd5 Nxd5 16. cxd5 Qe4+ 17. f3 Qxb1 18. dxc6 bxc6 19. Nd3 Rb8 20. b4 Qa2 21. Bb2 c5 22. Qa1 Qxa1 23. Rxa1 c4 24. Nf4 Rb5 25. e4 c6 26. g4 Rd8 27. Nh5 f6 28. Nf4 Kf7 29. Rc1 d5 30. Bd4 a5 31. bxa5 Bxa3 32. Ra1 Bb2 33. Ra2 Bxd4 0-1